دليلك إلى التفوق في الثانوية العامة : (رقم التسجيلة. 15378)

تفاصيل مارك
000 -LEADER
fixed length control field 00744nam a22002057a 4500
005 - DATE AND TIME OF LATEST TRANSACTION
control field 20251108164829.0
008 - FIXED-LENGTH DATA ELEMENTS--GENERAL INFORMATION
fixed length control field 250721s1995 xx 000 0 ara d
082 14 - DEWEY DECIMAL CLASSIFICATION NUMBER
Classification number 371.28/سام
100 1# - MAIN ENTRY--PERSONAL NAME
Personal name فخري، سامية
245 10 - TITLE STATEMENT
Title دليلك إلى التفوق في الثانوية العامة :
Remainder of title دراسة سيكوفسيولوجية /
264 1# - PRODUCTION, PUBLICATION, DISTRIBUTION, MANUFACTURE, AND COPYRIGHT NOTICE
Place of production, publication, distribution, manufacture القاهرة :
Name of producer, publisher, distributor, manufacturer الهيئة المصرية العامة للكتاب،
Date of production, publication, distribution, manufacture, or copyright notice 1995.
300 ## - PHYSICAL DESCRIPTION
Extent 107ص
490 0# - SERIES STATEMENT
Series statement العلم و الحياة ؛ 56
650 17 - SUBJECT ADDED ENTRY--TOPICAL TERM
Topical term or geographic name as entry element علم النفس التربوي
650 17 - SUBJECT ADDED ENTRY--TOPICAL TERM
Topical term or geographic name as entry element النجاح
650 17 - SUBJECT ADDED ENTRY--TOPICAL TERM
Topical term or geographic name as entry element الإختبارات و القياسات التربوية
650 17 - SUBJECT ADDED ENTRY--TOPICAL TERM
Topical term or geographic name as entry element التقييم التربوي
942 ## - ADDED ENTRY ELEMENTS (KOHA)
Source of classification or shelving scheme Dewey Decimal Classification
Koha item type كتب
المقتنيات
حالة السحب حالة الفقدان مصدر التصنيف حالة التلف غير قابل للإعارة المكتبة الرئيسية المكتبة الحالية موقع الرف تاريخ التزويد الرقم المتسلسل Total Checkouts رقم الإستدعاء تاريخ آخر ظهور تاريخ الفاتورة نوع المادة (كوها) الباركود
    Dewey Decimal Classification Unchecked   مكتبة الأميرة ايمان العامة مكتبة الأميرة ايمان العامة الإعارة 06/07/2004 7409   371.28/سام 28/07/2025 06/07/2004 كتب  
    Dewey Decimal Classification     مكتبة صويلح العامة مكتبة صويلح العامة الإعارة 01/05/2019 {10817}   371.28/سام 28/07/2025 01/05/2019 كتب PLD00452185
Implemented & Customized by: BBB with SCIT (Smart Chains for Information Technology)

Powered by Koha